| 000 | 00000nam##2200000za#4500 |
| 001 | 9.642521 |
| 003 | CaOODSP |
| 005 | 20210624223738 |
| 007 | cr ||||||||||| |
| 008 | 150407|1998||||xxc|||||o f|0| 0 fre|d |
| 040 | |aCaOODSP|bfre |
| 043 | |an-cn--- |
| 086 | 1 |aSW21-56/2000F-PDF |
| 110 | 1 |aCanada. |bCondition féminine Canada. |
| 245 | 10|aLes Canadiennes s'affirment : |h[ressource électronique]|bmois de l'histoire des femmes 1998 |
| 260 | |aOttawa - Ontario : |bCondition féminine Canada |c1998. |
| 300 | |a17p.|bill., photographies |
| 520 | 3 |a« Cette année marque la septième fois que le Canada célèbre en octobre le Mois de l’histoire des femmes (MHF). ... Dans le cadre du thème de cette année, « Les affaires des femmes : une évolution », nous examinerons les changements que subissent deux secteurs importants — l’entrepreneuriat et le travail non rémunéré. »--p.2 de 17. |
| 590 | |a13-23-Supp|b2013-10-08 |
| 691 | 07|aEntrepreneuriat|2gcpds |
| 691 | 07|aFemme|2gcpds |
| 691 | 07|aTravail non rémunéré|2gcpds |
| 775 | 08|tCanadian women - making an impact : |w(CaOODSP)9.698513 |
| 776 | 0#|tCanadian women making an impact |w(CaOODSP)9.662017 |
| 776 | 0#|tLes canadiennes s'affirment |w(CaOODSP)9.662018 |
| 856 | 40|ahttp://publications.gc.ca|qPDF|s229 Ko|uhttps://publications.gc.ca/collections/Collection/SW21-56-2000F.pdf |